Made In - Herkunftsbezeichnungen - Statistiken

Allgemein
  • Dieses Quiz wurde 150 mal gespielt
    87 seit der letzten Aktualisierung
  • Das Durchschnittsergebnis liegt bei 17 aus 19
Antwortstatistiken
Rang Kontinent BIP Rang Antwort % Korrekt
10 Nordamerika 1 Vereinigte Staaten
99%
1 Europa 4 Deutschland
97%
9 Europa 7 Frankreich
97%
20 Europa 15 Spanien
94%
7 Europa 8 Italien
92%
5 Europa 24 Schweden
92%
6 Nordamerika 9 Kanada
91%
12 Europa 30 Norwegen
91%
17 Europa 31 Österreich
90%
14 Ozeanien 12 Australien
88%
11 Europa 46 Finnland
87%
13 Europa 18 Niederlande
86%
2 Europa 21 Schweiz
86%
8 Asien 3 Japan
84%
15 Ozeanien 50 Neuseeland
84%
18 Europa 25 Belgien
82%
4 Europa 5 Vereinigtes Königreich
82%
16 Europa 37 Dänemark
81%
19 Europa 27 Irland
65%
Keine übereinstimmenden Quizze gefunden
Verteilung der Resultate
Anzahl Personen mit jedem Resultat
Perzentil nach korrekt beantworteten Fragen
Ihre Resultats-Entwicklung
Sie haben dieses Quiz seit der letzten Aktualisierung nicht gespielt